Cd̤igo Penal. Parte Especial. Tomo II. Volumen I

Bibliographic Details
Main Author: Amadeo Gadea, Sergio
Format: eBook
Language:Spanish
Published: Madrid : Factum Libri Ediciones, 2009
Subjects:
Online Access:http://www.vlex.com/source/6653

MARC

LEADER 00000nam a22000007a 4500
005 20130118142100.0
007 cr|||| ||||
008 130118e2009 sp |||||s|||| 00 |0 spa d
020 |a 8461313224 
035 |a 6653 
040 |a vLex 
090 |c 3553  |d 3553 
100 1 0 |a Amadeo Gadea, Sergio 
245 1 0 |a Cd̤igo Penal. Parte Especial. Tomo II. Volumen I  |h [Recurso electrn̤ico] 
256 |a Servicio en ln̕ea 
260 |a Madrid :   |b Factum Libri Ediciones,   |c 2009 
300 |a 1 Recurso electrn̤ico 
650 0 4 |a Derecho penal  |z Espaą 
740 |a vLex Libros (Servicio en ln̕ea) 
856 |a Acceso restringido  |u http://www.vlex.com/source/6653 
942 |c BOOK 
999 |a Criminal law